01193nam a2200289Ia 4500001001200000003000800012006001900020007001500039008004100054010001700095020002300112040002100135035002100156050002300177082002600200100002500226245010900251260007100360300002400431504006400455533015200519650002400671651003600695655002900731710001700760856012600777ebr10039005CaPaEBRm u cr cn|||||||||010404s2001 enkb sb 001 0 eng d z 2001024588 z0333800974 (cloth) aCaPaEBRcCaPaEBR a(OCoLC)55923822414aUA647b.S76 2001eb04a355.4/6/0941090442211 aSpeller, Ian,d1969-14aThe Role of amphibious warfare in British defence policy, 1945-56h[electronic resource] /cIan Speller. aHoundmills, Basingstoke, Hampshire ;aNew York :bPalgrave,c2001. axi, 250 p. :bmaps. aIncludes bibliographical references (p. 241-246) and index. aElectronic reproduction.bPalo Alto, Calif. :cebrary,d2009.nAvailable via World Wide Web.nAccess may be limited to ebrary affiliated libraries. 0aAmphibious warfare. 0aGreat BritainxMilitary policy. 7aElectronic books.2local2 aebrary, Inc.40uhttp://site.ebrary.com/lib/rucke/Doc?id=10039005zAn electronic book accessible through the World Wide Web; click to view